Effectif Milan AC saison 25/26 - Statistiques

Statistiques générales
  • Ce quiz a été pris 54 fois
  • Le résultat moyen est 13 sur 21
Statistiques - réponses
Hint Réponse % Correct
G Mike Maignan
98%
AG Rafael Leao
93%
AD Christian Pulisic
83%
DC Fikayo Tomori
83%
MC Luka Modric
83%
MDC Youssouf Fofana
81%
BU Christopher Nkunku
74%
BU Santiago Gimenez
74%
MC Adrien Rabiot
71%
DC Matteo Gabbia
69%
MDC Samuele Ricci
60%
DC Strahinja Pavlovic
60%
MC Ruben Loftus-Cheek
57%
DC Koni De Winter
55%
DG Pervis Estupinan
55%
MDC Ardon Jashari
45%
DG Davide Bartesaghi
40%
G Pietro Terraciano
38%
AD Alexis Saelemaekers
33%
DD Zachary Athekame
31%
DC David Odogu
24%
Aucun quiz correspondant
Distribution des résultats
% des personnes avec chaque résultat
Percentile par nombre de réponses
Votre historique - résultats
Vous n’avez pas pris ce quiz